| 000 | 00409 a2200157 4500 | ||
|---|---|---|---|
| 001 | 52020 | ||
| 082 | _a517THO | ||
| 090 |
_c32827 _d32827 |
||
| 100 | _a Thomas, Finney & George,B. Thomas | ||
| 245 |
_aCalculus and Analytic Geometry, 4rth Ed _cFinney Thomas |
||
| 250 | _a4 | ||
| 260 |
_aLondon _bWesley _c1974 |
||
| 300 |
_a818 _bphotocopy |
||
| 500 | _aBE textbook H & S dept | ||
| 600 | _aGeorge,B. Thomas | ||
| 942 |
_aNUST-CAE _k517THO |
||
| 999 |
_c287093 _d287093 |
||